Welcome to the Holygrace Academy Library

Please use search bar below to get started

RED BOOTS (Record no. 4124)

MARC details
000 -LEADER
fixed length control field 00294nam a22001337a 4500
020 ## - INTERNATIONAL STANDARD BOOK NUMBER
ISBN 0-7214-1932-1
082 ## - DEWEY DECIMAL CLASSIFICATION NUMBER
Classification number 823
Item number JEA/R
100 ## - MAIN ENTRY--AUTHOR NAME
Personal name JEAN
100 ## - MAIN ENTRY--AUTHOR NAME
Personal name ADAMSON, GARETH
245 ## - TITLE STATEMENT
Title RED BOOTS
260 ## - PUBLICATION, DISTRIBUTION, ETC. (IMPRINT)
Place of publication ENGLISH SHORT STORY
Name of publisher LADYBIRD
650 ## - SUBJECT ADDED ENTRY--TOPICAL TERM
Topical Term ENGLISH SHORT STORY
Geographic subdivision UK
942 ## - ADDED ENTRY ELEMENTS (KOHA)
Koha item type Books
Holdings
Withdrawn status Lost status Collection code Home library Current library Shelving location Date acquired Source of acquisition Full call number Accession Number Koha item type
    Fiction Main Library Main Library SHELF-3-H-LADYBIRD STORY BOOKS 18/03/2015 PURCHASE 823 JEA/R 09193 Books